Design for six sigma : (Record no. 2505)

MARC details
000 -LEADER
fixed length control field 00722nam a2200217 ar4500
001 - CONTROL NUMBER
control field 2507
005 - DATE AND TIME OF LATEST TRANSACTION
control field 20221127090455.0
008 - FIXED-LENGTH DATA ELEMENTS--GENERAL INFORMATION
fixed length control field 110322s xxu a 00110 eng d
020 ## - INTERNATIONAL STANDARD BOOK NUMBER
International Standard Book Number 9780071547673(hpb) :
Terms of availability SR350.00
082 04 - DEWEY DECIMAL CLASSIFICATION NUMBER
Classification number 658.4013
Item number Y16 2009
100 1# - MAIN ENTRY--PERSONAL NAME
Personal name Yang, Kai.
245 10 - TITLE STATEMENT
Title Design for six sigma :
Remainder of title a roadmap for product development /
Statement of responsibility, etc. Kai Yang, Basem El-Haik.
250 ## - EDITION STATEMENT
Edition statement 2nd ed.
260 ## - PUBLICATION, DISTRIBUTION, ETC.
Place of publication, distribution, etc. New York :
Name of publisher, distributor, etc. McGraw-Hill,
Date of publication, distribution, etc. 2009.
300 ## - PHYSICAL DESCRIPTION
Extent xx, 741 p. :
Other physical details ill. ;
Dimensions 23 cm.
504 ## - BIBLIOGRAPHY, ETC. NOTE
Bibliography, etc. note Includes bibl. references and index.
650 #4 - SUBJECT ADDED ENTRY--TOPICAL TERM
Topical term or geographic name entry element Quality control
General subdivision Statistical methods.
650 #4 - SUBJECT ADDED ENTRY--TOPICAL TERM
Topical term or geographic name entry element Production control.
650 #4 - SUBJECT ADDED ENTRY--TOPICAL TERM
Topical term or geographic name entry element Six sigma(Quality control standard).
700 0# - ADDED ENTRY--PERSONAL NAME
Personal name El-Haik, Basem S.,
Relator term jt. auth.
Holdings
Withdrawn status Lost status Source of classification or shelving scheme Damaged status Not for loan Home library Current library Date acquired Total Checkouts Full call number Barcode Date last seen Copy number Price effective from Koha item type
          CENTRAL CENTRAL 11/27/2022   658.4013 Y16 2009 1000000003248 11/27/2022 C1 11/27/2022 Book